Reading Connections Skill and strategies for purposeful reading : High Internmediate

Bewaard in:
Bibliografische gegevens
Hoofdauteur: Ediger, Anne
Andere auteurs: Pavlik, Cheryl
Formaat: Boek
Taal:English
Gepubliceerd in: New York Oxford University Press 1999
Onderwerpen:
Tags: Voeg label toe
Geen labels, Wees de eerste die dit record labelt!
Thư viện lưu trữ: Trung tâm Học liệu Lê Vũ Hùng, Trường Đại học Đồng Tháp
LEADER 00895pam a22002778a 4500
001 00028106
005 20171026081023.0
008 120110s1999 ||||||engsd
020 # # |a 0194358267 
041 0 # |a eng 
082 1 4 |a 428  |b R200C 
100 1 # |a Ediger, Anne 
245 1 0 |a Reading Connections  |b Skill and strategies for purposeful reading : High Internmediate  |c Anna Ediger, Cheryl Pavlik 
260 # # |a New York  |b Oxford University Press  |c 1999 
300 # # |a xix, 238 p.  |b ill.  |c 26 cm. 
650 # 4 |a Dành cho người nước ngoài 
650 # 4 |a Tiếng anh 
653 # # |a Kỹ năng đọc 
700 1 # |a Pavlik, Cheryl 
852 # # |b Kho giáo trình  |j KGT.0033931 
852 # # |b Kho mượn  |j KGT.0033931 
852 # # |j KGT.0033931 
910 |d 10/01/2012 
980 # # |a Trung tâm Học liệu Lê Vũ Hùng, Trường Đại học Đồng Tháp